LEADER 04329oam 2200637I 450 001 9910453067703321 005 20170821192544.0 010 $a1-138-87319-5 010 $a1-315-80396-8 010 $a1-317-77311-X 010 $a1-317-77312-8 024 7 $a10.4324/9781315803968 035 $a(CKB)2550000001257001 035 $a(EBL)1665816 035 $a(SSID)ssj0001180024 035 $a(PQKBManifestationID)12485935 035 $a(PQKBTitleCode)TC0001180024 035 $a(PQKBWorkID)11198811 035 $a(PQKB)10355209 035 $a(MiAaPQ)EBC1665816 035 $a(OCoLC)958097910 035 $a(EXLCZ)992550000001257001 100 $a20180706h20131990 uy 0 101 0 $aeng 135 $aur|n|---||||| 181 $ctxt 182 $cc 183 $acr 200 00$aGroup work with the emotionally disabled /$fBaruch Levine, editor 210 1$aLondon ;$aNew York :$cRoutledge,$d1990, 2013. 215 $a1 online resource (152 p.) 225 0 $aThe social work with groups series 300 $aFirst published 1990 by The Haworth Press, Inc. 300 $aGroup work with the emotionally disabled has also been published as Social work with groups, volume 13, number 1, 1990. 311 $a0-86656-994-4 311 $a1-306-57480-3 320 $aIncludes bibliographical references. 327 $aCover; Half Title; Title Page; Copyright Page; Table of Contents; About the Editor; Preface; Acknowledgements; Past/Present Issues in Group Work with the Emotionally Disabled; Thirty-Five Years of Group Work in Psychiatric Settings; Part I; Group Work - Group Therapy; Generic Group Work - Psychiatric Group Work; Group Work and the Teaching of Integrated Methods; Conclusions; Part II; Part III; Group Approaches for Persons with Severe Mental Illness: A Typology; A Typology of Group Formats; Quadrant I: Unstructured Approaches in Sheltered Settmgs 327 $aQuadrant II: Structured Approaches in Sheltered SettingsQuadrant III: Experiential in Vivo Formats; Quadrant IV: Structured in Vivo Formats; Discussion; Conclusion; Group Exposure: A Method of Treating Agoraphobia; Phases of Treatment; Group Organizational Principles; An Example of Group Exposure; Beyond Group Exposure for Agoraphobia; Conclusion; An Adaptive Approach to Group Therapy for the Chronic Patient; Group Description; The Meeting; Discussion; Conclusions 327 $aNew Directions in Children's Group Therapy: Integrating Family and Group Perspectives in the Treatment of At Risk Children and FamiliesThe Genogram Group; Groups for Mother/Child Dyads; Conclusion; The Discharge Issues Group: A Model for Acute Psychiatric Inpatient Units; Introduction; The Discharge Issues Group; Discussion; Conclusion; Short-Term Group Psychotherapy with the 'Family-Absent Father' in a Maximum Security Psychiatric Hospital; Review of the Literature; Practice; Conclusion; An Educational Occupational Issues Group for the Chronic Psychiatric Patient 327 $aThe Educational Occupational Issues GroupThe Six-Box Model; A Group Session; Ventilation of Issues; Conclusion; Book Reviews; Working with Women's Groups, Volumes 1 and 2, by Louise Yolton Eberhardt; The Human Bond: Support Groups & Mutual Aid, by Harry Wasserman and Holly E. Danforth 330 $aHere is an exciting and informative volume on the use of social group work in psychiatric settings. As it affirms the significance of social group work's clinical potential, Group Work With the Emotionally Disabled fosters further development in this highly specialized area of human service.Baruch Levine, a prestigious social group worker and clinical theorist, has edited this exceptional volume that emphasizes the coexistence of mental illness and mental health in effective group experiences for treating mental disability. Readers are treated to a comprehensive history of the develo 606 $aGroup psychotherapy 606 $aSocial group work 608 $aElectronic books. 615 0$aGroup psychotherapy. 615 0$aSocial group work. 676 $a616.89/152 701 $aLevine$b Baruch$0986592 801 0$bMiAaPQ 801 1$bMiAaPQ 801 2$bMiAaPQ 906 $aBOOK 912 $a9910453067703321 996 $aGroup work with the emotionally disabled$92254831 997 $aUNINA LEADER 02314nam 2200637Ia 450 001 9910454880303321 005 20200520144314.0 010 $a1-280-06018-2 010 $a9786610060184 010 $a0-203-20013-6 035 $a(CKB)111056485530352 035 $a(EBL)180043 035 $a(OCoLC)437250791 035 $a(SSID)ssj0000099516 035 $a(PQKBManifestationID)11122378 035 $a(PQKBTitleCode)TC0000099516 035 $a(PQKBWorkID)10008430 035 $a(PQKB)10450598 035 $a(MiAaPQ)EBC180043 035 $a(Au-PeEL)EBL180043 035 $a(CaPaEBR)ebr10060905 035 $a(CaONFJC)MIL6018 035 $a(EXLCZ)99111056485530352 100 $a19850115d1985 uy 0 101 0 $aeng 135 $aur|n|---||||| 181 $ctxt 182 $cc 183 $acr 200 10$aAdvocacy and empowerment$b[electronic resource] $emental health care in the community /$fStephen M. Rose and Bruce L. Black 210 $aBoston $cRoutledge & Kegan Paul$d1985 215 $a1 online resource (240 p.) 300 $aDescription based upon print version of record. 311 $a0-203-27849-6 311 $a0-415-15128-7 320 $aIncludes bibliography: p. [228]-231. 330 $aRelevant and thought-provoking, describes a new and imaginative approach to the needs of de-institutionalised people returning to care in the community. It shows that there is a challenging but dynamic contribution to be made by all community mental health workers in restoring dignity to the lives of those who have tragically been robbed of such a basic human need. 606 $aMental health services$zUnited States 606 $aMentally ill$xRehabilitation$zUnited States 606 $aMental health policy$zUnited States 606 $aMental health laws$zUnited States 608 $aElectronic books. 615 0$aMental health services 615 0$aMentally ill$xRehabilitation 615 0$aMental health policy 615 0$aMental health laws 676 $a362.2/0973 700 $aRose$b Stephen M$0876255 701 $aBlack$b Bruce L$0876256 801 0$bMiAaPQ 801 1$bMiAaPQ 801 2$bMiAaPQ 906 $aBOOK 912 $a9910454880303321 996 $aAdvocacy and empowerment$91956886 997 $aUNINA